000 00837nam0a22002291 4500
001 rc\3060523
005 20250530030154.0
035 _a(NLR Aleph) 007199274
090 _a7616475
_c7616475
100 _a20111012d1936 |||y0rusy50 ca
101 0 _arus
102 _aRU
105 _ay z |||||
200 1 _aЗа стахановские методы работы
_eРечь на Совете при наркоме местной пром-сти 17 июля 1936 г.
_fК. Уханов
210 _aМосква
_cНКМП РСФСР
_d1936
_g11 тип. Мособлполиграфа
215 _aОбл., 61 с.
_d19х14 см
700 1 _aУханов
_bК.В.
_f1891-1937
_gКонстантин Васильевич
801 0 _aRU
_bNLR
_gpsbo
801 1 _aRU
_bELAR
_2rusmarc
852 _aNLR
_j36-10/3114
942 _cBOOK
980 _aNB